000 00750nam a2200205Ii 4500
003 JO-AjNU
008 230605s9999||||xx |||||||||||||| ||und||
040 _aJO-AjNU
_bara
_erda
_cJO-AjNU
041 _aara
050 1 4 _aHD59 2018
100 3 _aالفتلاوي، ماجد جبار غزاي، م.مشارك علي عبودي نعمة الجبوري ,
_eauthor
_958149
245 0 0 _aادارة وتخطيط العلاقات العامه
250 _aط1
264 3 1 _aعمان: دار صفاء للنشر والتوزيع، 2018
300 _a272ص
336 _atext
_btxt
_2rdacontent
337 _aunmediated
_bn
_2rdamedia
338 _avolume
_bnc
_2rdacarrier
650 4 _aالعلاقات العامة - ادارة وتخطيط
_958150
999 _aA26098
_c29666
_d29666